Derecho procesal civil y comercial. Tomo II. /

Guardado en:
Autor Principal: Arazi, Roland
Formato: Libro
Idioma:Spanish
Publicado: Santa Fe : Rubinzal Culzoni, 2004.
Edición:2a. ed. act.
Materias:
Etiquetas: Agregar Etiqueta
Sin Etiquetas, Sea el primero en etiquetar este registro!
LEADER 00773nam a22002055a 4500
001 DER.der015268
008 250813s2004####ag#||||||||||||||#||spa||
005 20250813154618.0
245 1 0 |a Derecho procesal civil y comercial.  |n Tomo II. /  |c Roland Arazi ; con la colaboración de Valeria Arazi. 
250 |a 2a. ed. act. 
260 |a Santa Fe :  |b Rubinzal Culzoni,  |c 2004. 
300 |a 469 p. 
020 |a 9507275576 
100 1 |a Arazi, Roland 
700 1 |a Arazi, Valeria,  |e col. 
650 7 |a DERECHO PROCESAL CIVIL 
859 |a DERECHO  |b BIB. DERECHO  |h 347.05  |i ARA  |p 003436  |3 Tomo II 
859 |a DERECHO  |b BIB. DERECHO  |h 347.05  |i ARA  |p 003437  |t 1  |3 Tomo II 
859 |a DERECHO  |b BIB. DERECHO  |h 347.05  |i ARA  |p 003438  |t 2  |3 Tomo II 
859 |a DERECHO  |b BIB. DERECHO  |h 347.05  |i ARA  |p 003775  |t 3  |3 Tomo II